Представление документа в формате MARC21

Поле Инд. ПП Название Значение
Тип записи a
Библиографический уровень b
001 Контрольный номер UNIDUBNA58af6bd9c4c74c9f987ad67cef2bf318
005 Дата корректировки 20241107173029.7
008 Кодируемые данные 20170331
040 b Код языка каталог. rus
e Правила каталог. PSBO
041 0_ a Код языка текста rus
084 a Индекс другой классификации/Индекс ББК 60.9; 60.953.7; 88.945
100 1_ a Автор Данильченко Н. Н.
245 10 a Заглавие Гарденотерапия как технология работы с пожилыми людьми в отделении социального обслуживания на дому граждан пожилого возраста и инвалидов
520 0_ a Аннотация О программе "Гарденотерапия как источник молодости", действующей на базе отделения социального обслуживания на дому граждан пожилого возраста и инвалидов в одном из регионов России. Гарденотерапия основана на приобщении пожилых и инвалидов к работе с растениями. Садовая терапия показана тем, кто хочет избавиться от стресса, улучшить здоровье и настроение, успешно адаптироваться в условиях социума.
650 14 a Основная рубрика практическая психология (прикладная психология)
a Основная рубрика психология
a Основная рубрика психотерапия
a Основная рубрика социальная работа
653 0_ a Ключевые слова гарденотерапия
a Ключевые слова защита от стресса
a Ключевые слова инвалиды
a Ключевые слова коммуникации
a Ключевые слова обслуживание на дому
a Ключевые слова ограниченные возможности здоровья
a Ключевые слова пожилые люди
a Ключевые слова психическое здоровье
a Ключевые слова психосоциальная поддержка
a Ключевые слова психотерапевтические методы
a Ключевые слова реабилитационные центры
a Ключевые слова Россия
a Ключевые слова садовая терапия
a Ключевые слова социальная адаптация
a Ключевые слова социальная защита
a Ключевые слова физическое здоровье
a Ключевые слова центры социального обслуживания
a Ключевые слова экотерапия
773 08 t Заглавие источника Работник социальной службы
d Дата издания источника 2022
g Прочая информация № 4. - С. 36 - 39
w Контрольный № источника UNIDUBNAacb01dadd13649c3845f6882e49ff180
901 t Тип документа b